| 000 | 00775nam a22002417a 4500 | ||
|---|---|---|---|
| 005 | 20170203151652.0 | ||
| 010 | _aENG-110462 | ||
| 020 |
_a9789380828497 _c599.00 |
||
| 035 | _aEN-93994 | ||
| 035 | _aB-529566 | ||
| 037 | _bDBAD/PUB | ||
| 037 |
_bBBB/Ven _adpl |
||
| 082 | _a320.954 | ||
| 100 | _aDhar, Maloy Krishna | ||
| 245 |
_aBattleground India : _cby Maloy Krishna Dhar _bprognosis of Hindu-Muslim exclusivism / |
||
| 260 |
_aNew Delhi _bVitasta Publishing _c2012 |
||
| 270 |
_a2/15, Ansari Road, Darya Ganj _bNew Delhi _e110002 |
||
| 300 |
_a495p. _c24cm(Hb) |
||
| 500 | _aIncludes index | ||
| 520 | _a13-14EN | ||
| 942 |
_2ddc _cEN _mDHA _h320.954 |
||
| 999 |
_c86801 _d86801 |
||